000 00211 a2200097 4500
001 5720
100 _aKey,KA
245 _aAnalogue computing for beginners
260 _a
_bChapman& Hall
_c
090 _c4705
_d4705
942 _aNUST-CAE
_cM
_c31051
999 _c240793
_d240793